| 000 | 00812nam a2200229 i 4500 | ||
|---|---|---|---|
| 001 | 149080 | ||
| 003 | ES-MaACL | ||
| 005 | 20250811235324.0 | ||
| 007 | t| | ||
| 008 | 070214s1967 sp af |||| | spa d | ||
| 080 | _a7(510) | ||
| 100 | 1 |
_aSwann, Peter C. _9108922 |
|
| 245 | 1 | 3 |
_aEl arte de China / _ctexto de Peter C. Swann ; realización y fotografías de Claude Arthaud y F. Hébert-Stevens ; [traducción de Mª Dolores Raich Ullán]. |
| 260 |
_aBarcelona : _bJuventud, _c[1967] ( _fClarasó) |
||
| 300 |
_a150 p., 62 lám. : _bil. ; _c29 cm. |
||
| 650 | 7 |
_aArte chino _2embne _9135611 |
|
| 700 | 1 |
_aArthaud, Claude, _d1927- _923458 |
|
| 700 | 1 |
_aHébert-Stevens, François. _962265 |
|
| 700 | 1 |
_aRaich Ullán, María Dolores. _995020 |
|
| 852 |
_aES-MaACL _jE-8529 |
||
| 999 |
_c149080 _d149080 |
||